Baby's first colour book
| Format: | Book |
|---|---|
| Published: |
s.l. :
Brimax ,
2003
|
| Subjects: |
MARC
| LEADER | 00000cam a2200000 7i4500 | ||
|---|---|---|---|
| 001 | 0000143753 | ||
| 005 | 20100714.0 | ||
| 020 | |a 1858548837 | ||
| 020 | |a 9781858548838 | ||
| 090 | 0 | 0 | |a 423 |b BAB |
| 245 | 0 | 0 | |a Baby's first colour book |
| 260 | |a s.l. : |b Brimax , |c 2003 | ||
| 300 | |a p.v. ; |c 30cm. | ||
| 650 | 0 | 0 | |a Children's encyclopedias and dictionaries, English |
| 650 | 0 | 0 | |a English language |x Dictionaries, Juvenile |
| 999 | |a 00237777 |b BUKU |c JUNIOR BOOKS |e PERPUSTAKAAN KOMUNITI PETALING JAYA | ||